000
00309 a2200109 4500
001
121505
020
_a
9788532635792
040
_c
Escola Canadense de Niteroi
100
_a
Mario Sergio Cortella
245
1
0
_a
Qual é a tua Obra? - Inquietações Propositivas sobre Gestão, Liderança e Ética.
942
_c
BK
999
_c
121505
_d
121505